Tabu

Bibliographic Details
Other Authors: Baláž, Štefan (Publishing director)
Format: Journal
Language:Slovak
PhysicalDescription:zv. 28 cm
Published: Bratislava Polypress 1991-
ISSN:1335-4647
Subjects:

MARC

LEADER 00000cas a2200000 a 4500
001 vtls001466793
003 SK-MaSNL
005 20260228163546.0
008 040121c19919999xo mr|p 0 0b0slo
022 |a 1335-4647 
035 |a SNK000422098 
040 |a SNK  |b slo  |c SNK  |e AACR2 
044 |a xo  |c SK 
072 7 |a 613  |x Hygiena. Ľudské zdravie  |2 konspekt 
072 7 |a 612  |x Fyziológia človeka a porovnávacia fyziológia  |2 konspekt 
080 |a 613.88  |2 2011 
080 |a 612.6.57  |2 2001 
080 |a 050  |2 2011 
080 |a 613.88(051)  |2 2011 
084 |a MIČ 49 783  |2 mksr 
210 0 |a Tabu  |b (Bratisl.) 
222 0 |a Tabu  |b (Bratislava) 
245 0 0 |a Tabu 
260 |a Bratislava  |b Polypress  |c 1991- 
300 |a zv.  |c 28 cm 
310 |a 1x mesačne 
500 |a Podnázov: od r. 2004, spoločenský obrázkový mesačník ; od r. 2014, všetko čo potrebujete vedieť o sexe ; od r. 2016, časopis pre pestovanie kultúry lásky a harmónie tela i ducha 
500 |a Reg. č.: MK SR 397/91 
500 |a Šéfredaktor: Štefan Baláž 
500 |a Evidenčné č.: EV 3802/08 
650 0 7 |a erotika  |2 SNKPH  |9 3764 
650 0 7 |a sexualita  |2 SNKPH  |9 1946 
655 7 |a erotické časopisy  |2 SNKPH  |9 50313 
700 1 |a Baláž, Štefan  |4 pbd  |9 274273 
910 |a snk 
999 |c 9844  |d 11774 
952 |0 0  |1 0  |4 0  |7 0  |8 0  |a SNK  |b SNK  |d 2022-03-11  |i snk2022/3781  |l 0  |o snkČSB 3989/A/2019 D1  |p 17A1461582  |r 2026-02-21 20:09:33  |t č. jan.-dec.  |w 2026-02-21  |y PREZ 
952 |0 0  |1 0  |4 0  |7 0  |8 0  |a SNK  |b SNK  |d 2022-03-11  |i snk2022/3782  |l 0  |o snkČSB 3989/A/2020  |p 17A1461581  |r 2026-02-21 20:09:33  |t č. jan.-dec.  |w 2026-02-21  |y PREZ 
952 |0 0  |1 0  |4 0  |7 1  |8 0  |a SNK  |b SNK  |d 2007-01-31  |i snk2007/2834  |l 0  |o snkČSB 3989/A/2001  |p 17A0524755  |r 2026-02-21 20:19:26  |t č. 1-12  |w 2026-02-21  |y NEVYP 
952 |0 0  |1 0  |4 0  |7 0  |8 0  |a SNK  |b SNK  |d 2007-01-31  |i snk2007/2835  |l 0  |o snkČSB 3989/A/2001 D1  |p 17A0524756  |r 2026-02-21 20:19:26  |t č. 1-12  |w 2026-02-21  |y PREZ 
952 |0 0  |1 0  |4 0  |7 1  |8 0  |a SNK  |b SNK  |d 2007-01-31  |i snk2007/2837  |l 0  |o snkČSB 3989/A/2002  |p 17A0524757  |r 2026-02-21 20:19:26  |t č. 1-12  |w 2026-02-21  |y NEVYP 
952 |0 0  |1 0  |4 0  |7 0  |8 0  |a SNK  |b SNK  |d 2007-01-31  |i snk2007/2839  |l 0  |o snkČSB 3989/A/2002 D1  |p 17A0524758  |r 2026-02-21 20:19:27  |t č. 1-12  |w 2026-02-21  |y PREZ 
952 |0 0  |1 0  |4 0  |7 1  |8 0  |a SNK  |b SNK  |d 2007-01-31  |i snk2007/2841  |l 0  |o snkČSB 3989/A/2004  |p 17A0524759  |r 2026-02-21 20:19:27  |t č. 1-12  |w 2026-02-21  |y NEVYP 
952 |0 0  |1 0  |4 0  |7 0  |8 0  |a SNK  |b SNK  |d 2007-01-31  |i snk2007/2842  |l 0  |o snkČSB 3989/A/2004 D1  |p 17A0524760  |r 2026-02-21 20:19:27  |t č. 1-12  |w 2026-02-21  |y PREZ 
952 |0 0  |1 0  |4 0  |7 0  |8 0  |a SNK  |b SNK  |d 2015-02-13  |f 1  |i snk2015/5413  |l 0  |o snkČSB 3989/A/2000  |p 17A1148888  |r 2026-02-21 21:04:02  |t č. 1-12, neúplné  |w 2026-02-21  |y PREZ  |z Chýba č. 11 
952 |0 0  |1 0  |4 0  |7 0  |8 0  |a SNK  |b SNK  |d 2015-02-13  |f 1  |i snk2015/5438  |l 0  |o snkČSB 3989/A/2003  |p 17A1148887  |r 2026-02-21 21:04:03  |t č. 1-12  |w 2026-02-21  |y PREZ 
952 |0 0  |1 0  |4 0  |7 0  |8 0  |a SNK  |b SNK  |d 2015-02-13  |f 1  |i snk2015/5444  |l 0  |o snkČSB 3989/A/2005  |p 17A1148886  |r 2026-02-21 21:04:03  |t č. 1-12  |w 2026-02-21  |y PREZ 
952 |0 0  |1 0  |4 0  |7 0  |8 0  |a SNK  |b SNK  |d 2015-02-13  |f 1  |i snk2015/5470  |l 0  |o snkČSB 3989/A/2006  |p 17A1148885  |r 2026-02-21 21:04:03  |t č. 1-12  |w 2026-02-21  |y PREZ 
952 |0 0  |1 0  |4 0  |7 0  |8 0  |a SNK  |b SNK  |d 2015-02-13  |f 1  |i snk2015/5476  |l 0  |o snkČSB 3989/A/2007  |p 17A1148884  |r 2026-02-21 21:04:03  |t č. 1-12  |w 2026-02-21  |y PREZ 
952 |0 0  |1 0  |4 0  |7 0  |8 0  |a SNK  |b SNK  |d 2015-02-13  |f 1  |i snk2015/5480  |l 0  |o snkČSB 3989/A/2008  |p 17A1148883  |r 2026-02-21 21:04:03  |t č. 1-12  |w 2026-02-21  |y PREZ 
952 |0 0  |1 0  |4 0  |7 0  |8 0  |a SNK  |b SNK  |d 2015-02-13  |f 1  |i snk2015/5485  |l 0  |o snkČSB 3989/A/2009  |p 17A1148882  |r 2026-02-21 21:04:03  |t č. 1-12  |w 2026-02-21  |y PREZ 
952 |0 0  |1 0  |4 0  |7 0  |8 0  |a SNK  |b SNK  |d 2015-02-13  |f 1  |i snk2015/5490  |l 0  |o snkČSB 3989/A/2010  |p 17A1148881  |r 2026-02-21 21:04:03  |t č. 1-12  |w 2026-02-21  |y PREZ 
952 |0 0  |1 0  |4 0  |7 0  |8 0  |a SNK  |b SNK  |d 2015-02-16  |i snk2015/5545  |l 0  |o snkČSB 3989/A/2000 D1  |p 17A1148877  |r 2026-02-21 21:04:04  |t č. 6-10, neúplné  |w 2026-02-21  |y PREZ  |z Chýba č. 1-5, 11,12 
952 |0 0  |1 0  |4 0  |7 0  |8 0  |a SNK  |b SNK  |d 2015-02-16  |i snk2015/5548  |l 0  |o snkČSB 3989/A/2003 D1  |p 17A1148876  |r 2026-02-21 21:04:04  |t č 2-12, neúplné  |w 2026-02-21  |y PREZ  |z Chýba č. 1 
952 |0 0  |1 0  |4 0  |7 0  |8 0  |a SNK  |b SNK  |d 2015-02-16  |i snk2015/5551  |l 0  |o snkČSB 3989/A/2005 D1  |p 17A1148875  |r 2026-02-21 21:04:04  |t č. 1-12  |w 2026-02-21  |y PREZ 
952 |0 0  |1 0  |4 0  |7 0  |8 0  |a SNK  |b SNK  |d 2015-02-16  |i snk2015/5554  |l 0  |o snkČSB 3989/A/2006 D1  |p 17A1148874  |r 2026-02-21 21:04:04  |t č. 1-12  |w 2026-02-21  |y PREZ 
952 |0 0  |1 0  |4 0  |7 0  |8 0  |a SNK  |b SNK  |d 2015-02-16  |i snk2015/5557  |l 0  |o snkČSB 3989/A/2007 D1  |p 17A1148873  |r 2026-02-21 21:04:05  |t č. 1-12  |w 2026-02-21  |y PREZ 
952 |0 0  |1 0  |4 0  |7 0  |8 0  |a SNK  |b SNK  |d 2015-02-16  |i snk2015/5562  |l 0  |o snkČSB 3989/A/2008 D1  |p 17A1148872  |r 2026-02-21 21:04:05  |t č. 1-12  |w 2026-02-21  |y PREZ 
952 |0 0  |1 0  |4 0  |7 0  |8 0  |a SNK  |b SNK  |d 2015-02-16  |i snk2015/5564  |l 0  |o snkČSB 3989/A/2009 D1  |p 17A1148871  |r 2026-02-21 21:04:05  |t č. 1-12  |w 2026-02-21  |y PREZ 
952 |0 0  |1 0  |4 0  |7 0  |8 0  |a SNK  |b SNK  |d 2015-02-16  |i snk2015/5568  |l 0  |o snkČSB 3989/A/2010 D1  |p 17A1148870  |r 2026-02-21 21:04:05  |t č. 1-12  |w 2026-02-21  |y PREZ 
952 |0 0  |1 0  |4 0  |7 0  |8 0  |a SNK  |b SNK  |d 2015-02-16  |i snk2015/5570  |l 0  |o snkČSB 3989/A/2011  |p 17A1148869  |r 2026-02-21 21:04:05  |t č. 1-12  |w 2026-02-21  |y PREZ 
952 |0 0  |1 0  |4 0  |7 0  |8 0  |a SNK  |b SNK  |d 2015-02-16  |i snk2015/5571  |l 0  |o snkČSB 3989/A/2012/ D1  |p 17A1148868  |r 2026-02-21 21:04:05  |t č. 1-12  |w 2026-02-21  |y PREZ 
952 |0 0  |1 0  |4 0  |7 0  |8 0  |a SNK  |b SNK  |d 2015-02-16  |i snk2015/5572  |l 0  |o snkČSB 3989/A/2013 D1  |p 17A1148867  |r 2026-02-21 21:04:05  |t č. 1-12  |w 2026-02-21  |y PREZ 
952 |0 0  |1 0  |4 0  |7 0  |8 0  |a SNK  |b SNK  |d 2015-02-13  |f 1  |i snk2015/5493  |l 0  |o snkČSB 3989/A/2011  |p 17A1148880  |r 2026-02-21 21:04:09  |t č. 1-12  |w 2026-02-21  |y PREZ 
952 |0 0  |1 0  |4 0  |7 0  |8 0  |a SNK  |b SNK  |d 2015-02-13  |f 1  |i snk2015/5497  |l 0  |o snkČSB 3989/A/2012  |p 17A1148879  |r 2026-02-21 21:04:09  |t č. 1-12  |w 2026-02-21  |y PREZ 
952 |0 0  |1 0  |4 0  |7 0  |8 0  |a SNK  |b SNK  |d 2015-02-13  |f 1  |i snk2015/5500  |l 0  |o snkČSB 3989/A/2013  |p 17A1148878  |r 2026-02-21 21:04:09  |t č. 1-12  |w 2026-02-21  |y PREZ 
952 |0 0  |1 0  |4 0  |7 0  |a SNK  |b SNK  |d 2018-02-20  |i snkČSP 4638/92  |l 0  |o snkČSB 3989/A/1991 D1  |p 17A1189225  |r 2026-02-21 21:49:24  |t č. 1-13  |w 2026-02-21  |y PREZ  |z č. 1-13 
952 |0 0  |1 0  |4 0  |7 0  |a SNK  |b SNK  |d 2018-02-20  |i snkČSP 4636/92  |l 0  |o snkČSB 3989/1991 D1  |p 17A1189226  |r 2026-02-21 21:49:24  |t č. 1-9, neúplný  |w 2026-02-21  |y PREZ  |z chýba č. 5, 6,  
952 |0 0  |1 0  |4 0  |7 0  |a SNK  |b SNK  |d 2018-02-20  |i snkČSP 20/92  |l 0  |o snkČSB 3989/1990 D1  |p 17A1189227  |r 2026-02-21 21:49:24  |t č. 1-6  |w 2026-02-21  |y PREZ  |z č. 1-6 
952 |0 0  |1 0  |4 0  |7 0  |8 0  |a SNK  |b SNK  |d 2018-12-20  |i snk2018/27707  |l 0  |o snkČSB 3989/A/2014  |p 17A1342101  |r 2026-02-21 22:13:30  |t č. jan.-dec.  |w 2026-02-21  |y PREZ 
952 |0 0  |1 0  |4 0  |7 0  |8 0  |a SNK  |b SNK  |d 2018-12-20  |i snk2018/27708  |l 0  |o snkČSB 3989/A/2015  |p 17A1342100  |r 2026-02-21 22:13:30  |t č. jan.-dec.  |w 2026-02-21  |y PREZ 
952 |0 0  |1 0  |4 0  |7 0  |8 0  |a SNK  |b SNK  |d 2018-12-20  |i snk2018/27709  |l 0  |o snkČSB 3989/A/2016  |p 17A1342099  |r 2026-02-21 22:13:30  |t č. jan.-dec.  |w 2026-02-21  |y PREZ 
952 |0 0  |1 0  |4 0  |7 0  |8 0  |a SNK  |b SNK  |d 2018-12-20  |i snk2018/27710  |l 0  |o snkČSB 3989/A/2017  |p 17A1342098  |r 2026-02-21 22:13:30  |t č. jan.-dec.  |w 2026-02-21  |y PREZ 
952 |0 0  |1 0  |4 0  |7 0  |8 0  |a SNK  |b SNK  |d 2018-12-20  |i snk2018/27711  |l 0  |o snkČSB 3989/A/2018  |p 17A1342097  |r 2026-02-21 22:13:30  |t č. jan.-dec., neúplné  |w 2026-02-21  |y PREZ  |z Chýba č. jan. 
952 |0 0  |1 0  |4 0  |7 0  |8 0  |a SNK  |b SNK  |d 2018-12-20  |i snk2018/27713  |l 0  |o snkČSB 3989/A/2014 D1  |p 17A1342096  |r 2026-02-21 22:13:30  |t č. jan.-dec., neúplné  |w 2026-02-21  |y PREZ  |z Chýba č. júl 
952 |0 0  |1 0  |4 0  |7 0  |8 0  |a SNK  |b SNK  |d 2018-12-20  |i snk2018/27714  |l 0  |o snkČSB 3989/A/2015 D1  |p 17A1342095  |r 2026-02-21 22:13:30  |t č. jan.-dec.  |w 2026-02-21  |y PREZ 
952 |0 0  |1 0  |4 0  |7 0  |8 0  |a SNK  |b SNK  |d 2018-12-20  |i snk2018/27716  |l 0  |o snkČSB 3989/A/2016 D1  |p 17A1342094  |r 2026-02-21 22:13:30  |t č. jan.-dec.  |w 2026-02-21  |y PREZ 
952 |0 0  |1 0  |4 0  |7 0  |8 0  |a SNK  |b SNK  |d 2018-12-20  |i snk2018/27717  |l 0  |o snkČSB 3989/A/2017 D1  |p 17A1342093  |r 2026-02-21 22:13:30  |t č. jan.-dec., neúplné  |w 2026-02-21  |y PREZ  |z Chýba č. nov. 
952 |0 0  |1 0  |4 0  |7 0  |8 0  |a SNK  |b SNK  |d 2018-12-20  |i snk2018/27718  |l 0  |o snkČSB 3989/A/2018 D1  |p 17A1342092  |r 2026-02-21 22:13:31  |t č. jan.-dec., neúplné  |w 2026-02-21  |y PREZ  |z Chýba č. jan. 
952 |0 0  |1 0  |4 0  |7 0  |8 0  |a SNK  |b SNK  |d 2020-10-08  |i snk2020/18127  |l 0  |o snkČSB 3989/A/2019  |p 17A1431729  |r 2026-02-21 22:23:12  |t č. jan.-dec.  |w 2026-02-21  |y PREZ